Instalación de una estación de servicio y gasolinera en el municipio de la Libertad Departamento de Chontales

El presente las actividades necesarias que se realizan para la instalación de una estación de servicio y gasolinera en el municipio de la Libertad, departamento de Chontales, describiéndose así su proceso de operatividad y del servicio que brindará.

Bibliographic Details
Main Authors: Rodríguez Beteta, Osmar Antonio, Sevilla Arieta, Carlos Alberto
Other Authors: Tutor: Silva Sobalbarro, Freddy Manuel
Format: Tesis Section = Libro
Language:Undetermined
Spanish
Published: Managua UNI 2012
Subjects:
LEADER 01137nam a2200265Ia 4500
008 240830s9999 xx 000 0 und d
040 |a BIBLIOTECA-RUPAP Mon 658.404 R696 
041 |a spa 
082 |a Mon 658.404 R696 
100 1 |a Rodríguez Beteta, Osmar Antonio 
100 1 |b  Sevilla Arieta, Carlos Alberto 
245 1 0 |a Instalación de una estación de servicio y gasolinera en el municipio de la Libertad Departamento de Chontales 
260 |a Managua  |b UNI  |c 2012 
300 |a 137 p. :il. 
500 |a Contiene: anexos e Incluye: CD. 
502 |a Tesis (Ingeniero Industrial)- UNI, 2012. 
520 3 |a El presente las actividades necesarias que se realizan para la instalación de una estación de servicio y gasolinera en el municipio de la Libertad, departamento de Chontales, describiéndose así su proceso de operatividad y del servicio que brindará. 
650 7 |a ADMNISTRACION DE PROYECTOS - GASOLINERAS 
650 7 |b ESTUDIO DE MERCADO 
650 7 |c ESTUDIO TECNICO 
650 7 |d ESTUDIO FINANCIERO 
700 1 |a Tutor:  |b Silva Sobalbarro, Freddy Manuel 
942 |c BK  |2 ddc 
991 |a TESIS 
999 |c 17401